00346pab a2200133 454500008004000000100002600040245003600066260000900102300001000111362000800121650003900129650002800168773001600196180718b2006 xxu||||| |||| 00| 0 eng d aAgrawal, Mayank Kumar aIndia and Russia forge new ties c2006 ap.67. aJan aIndia - Foreign relations - Russia aInternational relations aKurukshetra